000 00575nam a2200217Ia 4500
003 OSt
005 20251023180123.0
008 210423s2017 xx 000 0 und d
020 _a9789385302350
040 _cAL
041 _aEnglish
082 _a361.3
_bGUPS
100 _aSunil Kumar Gupta
_9119516
245 _aSocial work
_b: Practices and services
260 _aNew Delhi
_bIshika Publishing House
_c2017
300 _avii,312
_bHB
365 _b1995
_cINR
650 _aSocial Work
_9119517
906 _aservices ; Social ; work:Practices
942 _2ddc
_cBK
999 _c176601
_d176601